000 01473nam a22001577a 4500
041 _aukr
080 _a09
090 _bМАЛ
100 _aМаліновська, О. І.
245 _aПсихолінгвістичні особливості рекламного тексту (на прикладі гумористичної реклами)
260 _aОстрог
_bКАФ
_c2016
300 _a43
520 _aВступ. Розділ І. Теоретичні засади поняття реклами та її вплив на людину. 1.1. Поняття і функції реклами та її психологічні характеристики 1.2. Реклама як засіб сучасної комунікації 1.2. Засоби впливу реклами на людину Розділ ІІ. Дослідження психолінгвістики рекламного тексту на прикладі гумористичної реклами. 2.1. Місце рекламного тексту в психолінгвістиці 2.2. Гумористична реклама як засіб комунікації та впливу 2.3. Психолінгвістичні засоби в гумористичній рекламі Висновки. Список використаної літератури.
_0психолінгвістика, комунікація, реклама
650 _aResearch Papers
999 _c285722
_d285722
942 _cBK